000 00904nas a2200289 4500
001 BR0001549
003 BR-BrBNA
005 20231205101756.0
007 ta
008 230509b bl.|||p| |||| 00| 00por d
040 _aBR-BrBNA
_bpor
_cBiblioteca Nacional de Agricultura
041 _a(Pt)
072 _aJ11
100 1 _aBrackmann, A.
100 1 _aHunsche, M.
100 1 _aSteffens, C.A.
245 1 _aConservacao da maca "Fuji" sob diferentes temperaturas, umidades relativas e momentos de instalacao da atmosfera de armazenamento
650 _aMaca
650 _aVariedade
650 _aArmazenamento de Alimento
650 _aTemperatura
650 _aPreservacao de Alimento
650 _aRio Grande do Sul
773 0 _tCiencia Rural (Brazil)
_xISSN 0103-8478
_g(Jan-Mar 2000), v. 30(1) p. 81-84
_wBR0001549
909 _a202311
_bLúcia
_c55
_dLúcia Elande
942 _2AGRIS
_n0
_cANA
999 _c163815
_d163815